Detalles MARC
| 000 -CABECERA |
| campo de control de longitud fija |
02519nam a2200337 a 4500 |
| 001 - NÚMERO DE CONTROL |
| campo de control |
000015042 |
| 003 - IDENTIFICADOR DEL NÚMERO DE CONTROL |
| campo de control |
DO-SdBPM |
| 005 - FECHA Y HORA DE LA ÚLTIMA TRANSACCIÓN |
| campo de control |
20260130132300.0 |
| 007 - CAMPO FIJO DE DESCRIPCIÓN FÍSICA--INFORMACIÓN GENERAL |
| campo de control de longitud fija |
ta |
| 008 - DATOS DE LONGITUD FIJA--INFORMACIÓN GENERAL |
| campo de control de longitud fija |
100129s2000 dr c 001 0 spa d |
| 020 ## - NÚMERO INTERNACIONAL ESTÁNDAR DEL LIBRO |
| Número Internacional Estándar del Libro |
9993480096 |
| 040 ## - FUENTE DE LA CATALOGACIÓN |
| Centro catalogador/agencia de origen |
DO-SdBPM |
| Lengua de catalogación |
spa |
| Centro/agencia transcriptor |
BPMSU |
| Centro/agencia modificador |
rda |
| 049 ## - FONDOS LOCALES (OCLC) |
| Fondos de biblioteca |
|
| 082 #4 - NÚMERO DE LA CLASIFICACIÓN DECIMAL DEWEY |
| Número de clasificación |
972.93092 |
| Número de documento/Ítem |
M224v 2000 |
| Número de edición |
22 |
| 100 1# - ENTRADA PRINCIPAL--NOMBRE DE PERSONA |
| Nombre de persona |
Mainardi de Cuello, Carolina, |
| Fechas asociadas al nombre |
1906-1999 |
| Término indicativo de función/relación |
autor |
| Código de función/relación |
aut. |
| 245 10 - MENCIÓN DE TÍTULO |
| Título |
Vivencias / |
| Mención de responsabilidad, etc. |
Carolina Mainardi ; prólogo Roberto Cassá. |
| 264 ## - PRODUCCIÓN, PUBLICACIÓN, DISTRIBUCIÓN, FABRICACIÓN Y COPYRIGHT |
| Producción, publicación, distribución, fabricación y copyright |
Santo Domingo : |
| Nombre del de productor, editor, distribuidor, fabricante |
Manatí, |
| Fecha de producción, publicación, distribución, fabricación o copyright |
2000. |
| 300 ## - DESCRIPCIÓN FÍSICA |
| Extensión |
234 páginas : |
| Otras características físicas |
ilustraciones, retratos. ; |
| Dimensiones |
23 cm. |
| 336 ## - TIPO DE CONTENIDO |
| Término de tipo de contenido |
texto |
| Código de tipo de contenido |
txt |
| Fuente |
rdacontent |
| 337 ## - TIPO DE MEDIO |
| Nombre/término del tipo de medio |
sin mediación |
| Código del tipo de medio |
n |
| Fuente |
rdamedia |
| 338 ## - TIPO DE SOPORTE |
| Nombre/término del tipo de soporte |
volumen |
| Código del tipo de soporte |
nc |
| Fuente |
rdacarrier |
| 500 ## - NOTA GENERAL |
| Nota general |
Incluye índice onomástico. |
| 504 ## - NOTA DE BIBLIOGRAFÍA, ETC. |
| Nota de bibliografía, etc. |
Incluye bibliografía y notas al pie de páginas. |
| 505 0# - NOTA DE CONTENIDO CON FORMATO |
| Información miscelánea |
Prólogo / |
| Mención de responsabilidad |
Roberto Cassá -- |
| Título |
La Familia Mainardí Reyna. La familia Cuello. La familia Cuello Perelló -- |
| -- |
La intervención norteamericana en Santo Domingo -- |
| -- |
Plan Hughes-Peynado. Gobierno provisional, organización de los partidos políticos, eleccciones de 1924 y primer gabinete del gobierno surgido de estas elecciones. Ruptura de la alianza Vásquez-Velázquez -- |
| -- |
Ascendencia y desarrollo del Partido Repúblicano -- |
| -- |
Misión Dawes -- |
| -- |
Exilio -- |
| -- |
Lucha por la reválida. Muertede Pablito Cuello -- |
| -- |
Acciones revolucionarias para eliminar a Trujillo -- |
| -- |
Vivencias de los años 1930-1940 -- |
| -- |
Fundación de las ramas del Partido Revolucionarios Dominicano (PRD) en Puerto Rico -- |
| -- |
Cayo Confites -- |
| -- |
Cayo Confites y Luperón -- |
| -- |
Traslado del Dr. Leovigildo Cuello a San Juan. Actividades antitrujillistas. Muerte de Andrés Requena -- |
| -- |
Secuestro de Galíndez. Atentado a Rómulo Betancourt y nueva oportunidad para liberar al pueblo dominicano -- |
| -- |
Expediciones del 14 y 20 de junio -- |
| -- |
1960-1961 -- |
| -- |
Vuelta a la patria -- |
| -- |
La Fundación Héroes de Constanza, Maimón y Estero Hondo -- |
| -- |
Muerte del Dr. Leovigildo Cuello Hernández, mi esposo -- |
| -- |
Responsabilidades -- |
| -- |
La vida de Carolina Mainardi Reyna (doña Conina) en fotos -- |
| -- |
Familia Cuello Mainardi durante el exilio en San Juan Puerto Rico, en la década de 1950. |
| 590 ## - NOTA LOCAL (RLIN) |
| Nota local |
Inventariado,2026/VM |
| 651 #7 - PUNTO DE ACCESO ADICIONAL DE MATERIA--NOMBRE GEOGRÁFICO |
| Nombre geográfico |
República Dominicana |
| Subdivisión general |
Historia |
| Subdivisión cronológica |
Siglo XX |
| Subdivisión general |
Correspondencia, Memorias, Etc. |
| 651 #7 - PUNTO DE ACCESO ADICIONAL DE MATERIA--NOMBRE GEOGRÁFICO |
| Nombre geográfico |
República Dominicana |
| Subdivisión general |
Política y gobierno |
| Subdivisión cronológica |
Siglo XX |
| Subdivisión general |
Correspondencia, Memorias, Etc. |
| 700 1# - PUNTO DE ACCESO ADICIONAL--NOMBRE DE PERSONA |
| Nombre de persona |
Cassá, Roberto, |
| Fechas asociadas al nombre |
1948- |
| Término indicativo de función/relación |
prólogo |
| 910 ## - DATOS DE OPCIÓN DEL USUARIO (OCLC) |
| Datos de opción del usuario |
VMateo V. Control de calidad BPMSU |
| 942 ## - ELEMENTOS DE PUNTO DE ACCESO ADICIONAL (KOHA) |
| Fuente del sistema de clasificación o colocación |
Dewey Decimal Classification |
| Tipo de ítem Koha |
Libros |